| 000 | 00813cam a22002055a 4500 | ||
|---|---|---|---|
| 001 | L156011 | ||
| 008 | 120424s1822 xxk f 000 0 eng d | ||
| 035 | _a(Sirsi) u156011 | ||
| 041 | 0 | _aeng | |
| 100 | 1 |
_aChristie, James _d1773-1831 |
|
| 245 | 0 | 0 | _aMagnificent effects at Fonthill Abbey, Wilts., to be sold by auction by Mr. Christie, on the premises, on Tuesday, October 1, 1822, and nine following days, (Sunday excepted) ... |
| 260 |
_a[London?] _b[s.n.] _c1822 |
||
| 300 |
_a95 p. _c22 cm. |
||
| 520 | _aCaption title: A catalogue of the magnificent effects at Fonthill. | ||
| 520 | _aLibrary holds three copies - the 2nd, 5th and 6th editions. | ||
| 583 |
_aCondition reviewed _c20120620 _lcondition level 2, 3 and 4 |
||
| 651 | 4 |
_aGreat Britain _y1707- |
|
| 690 |
_aAuctioneering _96218 |
||
| 942 | _n0 | ||
| 999 |
_c113977 _d113977 |
||